Contextualizing openness : situating open science
Salvato in:
| Natura: | Libro |
|---|---|
| Lingua: | inglese |
| Pubblicazione: |
University of Ottawa Press,
2019
|
| Tags: |
Aggiungi Tag
Nessun Tag, puoi essere il primo ad aggiungerne!!
|
MARC
| LEADER | 00000nam a22000007a 4500 | ||
|---|---|---|---|
| 008 | 240703b |||||||| |||| 00| 0 eng d | ||
| 020 | |a 9780776626666 | ||
| 245 | |a Contextualizing openness |b : situating open science |c / edited by Leslie Chan, Angela Okune, Rebecca Hillyer, Denisse Albornoz, and Alejandro Posada |e Perspectives on open access |g vi,342p;ill | ||
| 250 | |c Chan, Lesle...et al | ||
| 260 | |b University of Ottawa Press, |c 2019 |h Ottawa, Canada |i 702916 |l Q225.C74 |m Communication in science |m Communication in science--Developing countries. | ||
| 942 | |a lcc |c BK |e Johnson |f 03/7/24 | ||
| 952 | |0 0 |1 0 |2 lcc |4 0 |7 0 |9 5359 |a HOL |b HOL |d 2024-07-03 |l 0 |o Q225.C74. |p 2024-0600 |r 2024-07-03 00:00:00 |t 702916 |w 2024-07-03 |y BK | ||
| 999 | |c 2651 |d 2651 | ||